00369pam a2200145 a 4500020000500000040002300005041001300028082001300041100001200054245005900066260005600125300001400181365001000195653001800205 c aDental College Lib aengheng a001bMAH aMah, . aMaharashtra vidyapeeth kayada / c.hTextual Documents aAhmednagar : bsunlight teaching Products , c1994. a260 ; c. a40.00 aGeneral Books